| 000 | 00577cab a2200193 4500 | ||
|---|---|---|---|
| 001 | WB3017-58 | ||
| 008 | 090401t1994 xxu||||| |||| 00| 0 eng d | ||
| 035 | _a(Sirsi) u42021 | ||
| 041 | _aeng | ||
| 245 | _aNew conveyancing forms | ||
| 260 | _c1994 | ||
| 350 | _a0 | ||
| 490 |
_aOyez Forms Information Service _v(6/1994) April 1994 (2) |
||
| 520 | _aOyez have issued five new forms as part of the third edition of National Conveyancing Protocol. | ||
| 650 | _aNATIONAL CONVEYANCING PROTOCOL | ||
| 690 | _aPROPERTY LAW AND PRACTICE | ||
| 942 | _n0 | ||
| 948 | _c04/03/1997 | ||
| 999 |
_c26991 _d26991 |
||